Keynes in the 1990s: a return to economic sanity (Record no. 381686)

000 -LEADER
fixed length control field 00499cam a22001697a 4500
008 - FIXED-LENGTH DATA ELEMENTS--GENERAL INFORMATION
fixed length control field 180718b1993 xxu||||| |||| 00| 0 eng d
020 ## - INTERNATIONAL STANDARD BOOK NUMBER
International Standard Book Number 0140179607
082 ## - DEWEY DECIMAL CLASSIFICATION NUMBER
Classification number T000 K522 St49
100 ## - MAIN ENTRY--PERSONAL NAME
Personal name Stewart, Michael
245 ## - TITLE STATEMENT
Title Keynes in the 1990s: a return to economic sanity
Statement of responsibility, etc. by Michael Stewart
260 ## - PUBLICATION, DISTRIBUTION, ETC.
Place of publication, distribution, etc. London
Name of publisher, distributor, etc. Penguin Books
Date of publication, distribution, etc. 1993
300 ## - PHYSICAL DESCRIPTION
Extent 134p.
650 ## - SUBJECT ADDED ENTRY--TOPICAL TERM
Topical term or geographic name entry element Country budget
650 ## - SUBJECT ADDED ENTRY--TOPICAL TERM
Topical term or geographic name entry element Kenynes, John Mayard - Biography
650 ## - SUBJECT ADDED ENTRY--TOPICAL TERM
Topical term or geographic name entry element Keynesian economics
650 ## - SUBJECT ADDED ENTRY--TOPICAL TERM
Topical term or geographic name entry element Monetary policy
Holdings
Withdrawn status Lost status Damaged status Not for loan Permanent Location Current Location Date acquired Full call number Barcode Date last seen Price effective from Koha item type
        Indian Institute of Public Administration Indian Institute of Public Administration 1997-06-17 T000 K522 St49 72048 2018-07-21 2018-07-21 Book

Powered by Koha